Minecraft: String Crafting Recipes - Statistics

General Stats
  • This quiz has been taken 54 times
  • The average score is 7 of 8
Answer Stats
Recipe Answer % Correct
4x String + 1x Slimeball Lead
98%
4x String White Wool
95%
2x String + 3x Stick Fishing Rod
93%
3x String + 2x Stick Bow
88%
1x String + 6x Bamboo Scaffolding
86%
2x String + 1x Iron Ingot + 3x Stick + 1x Tripwire Hook Crossbow
76%
1x String + 1x Honeycomb Candle
74%
2x String + 2x Planks Loom
71%
No matching quizzes found
Score Distribution
Percent of People with Each Score
Percentile by Number Answered
Your Score History
You have not taken this quiz